The realm of redemption : (Record no. 2812)
[ view plain ]
| 000 -LEADER | |
|---|---|
| fixed length control field | 00541cam a22001811a 4500 |
| 001 - CONTROL NUMBER | |
| control field | 0000002909 |
| 005 - DATE AND TIME OF LATEST TRANSACTION | |
| control field | 20140825164027.0 |
| 008 - FIXED-LENGTH DATA ELEMENTS--GENERAL INFORMATION | |
| fixed length control field | 870803s1964 enk 00000 eng d |
| 035 ## - SYSTEM CONTROL NUMBER | |
| System control number | 00055285 |
| 040 ## - CATALOGING SOURCE | |
| Original cataloging agency | PUL |
| 050 ## - LIBRARY OF CONGRESS CALL NUMBER | |
| Classification number | BV598 |
| Item number | .N4 1964 |
| 100 10 - MAIN ENTRY--PERSONAL NAME | |
| Personal name | Nelson, J. Robert |
| Fuller form of name | (John Robert), |
| Dates associated with a name | 1920-. |
| 245 14 - TITLE STATEMENT | |
| Title | The realm of redemption : |
| Remainder of title | studies in the doctrine of the nature of the church in contemporary Protestant theology. |
| 260 0# - PUBLICATION, DISTRIBUTION, ETC. (IMPRINT) | |
| Place of publication, distribution, etc | London : |
| Name of publisher, distributor, etc | Epworth, |
| Date of publication, distribution, etc | [1964] |
| 300 ## - PHYSICAL DESCRIPTION | |
| Extent | 249 p. |
| 650 00 - SUBJECT ADDED ENTRY--TOPICAL TERM | |
| Topical term or geographic name as entry element | Church. |
| 908 ## - PUT COMMAND PARAMETER (RLIN) | |
| Put command parameter | 050302 |
| Withdrawn status | Lost status | Source of classification or shelving scheme | Damaged status | Not for loan | Home library | Current library | Date acquired | Source of acquisition | Total Checkouts | Full call number | Barcode | Date last seen | Price effective from | Koha item type |
|---|---|---|---|---|---|---|---|---|---|---|---|---|---|---|
| Library of Congress Classification | Presbyterian University of East Africa - Main Library | Presbyterian University of East Africa - Main Library | 26/12/2012 | Donation | BV598 .N4 1964 | 020010003356 | 26/12/2012 | 26/12/2012 | General circulation books |
